Cognitive dynamics: conceptual and representational change in humans and machines
Saved in:
| Hovedforfatter: | |
|---|---|
| Andre forfattere: | |
| Format: | Bog |
| Sprog: | engelsk |
| Udgivet: |
Mahwah
Lawrence Erlbaum Associates
2000
|
| Fag: | |
| Tags: |
Tilføj Tag
Ingen Tags, Vær først til at tagge denne postø!
|
MARC
| LEADER | 00000nam a2200000 a 4500 | ||
|---|---|---|---|
| 001 | UCM4444 | ||
| 003 | CL-VaPUC | ||
| 008 | 020823e20000000us |||||||||||||||||eng|d | ||
| 082 | 0 | 4 | |a 153 |b DIE |2 21 |
| 100 | 0 | |a Dietrich, Eric |e author |9 471004 | |
| 700 | |a Markman, Arthur B. |e autor |9 471005 | ||
| 245 | 1 | 0 | |a Cognitive dynamics: conceptual and representational change in humans and machines |
| 300 | |a 380 p | ||
| 942 | |c BK | ||
| 945 | |d 20020823 00:00:00 |a cmena | ||
| 260 | |a Mahwah |b Lawrence Erlbaum Associates |c 2000 | ||
| 650 | 0 | |a Cognición |9 270347 | |
| 650 | 0 | |a Imaginación |9 269378 | |
| 650 | 0 | |a Procesos mentales superiores |9 330839 | |
| 583 | |a last modification |c 20171120 04:58:44 |k Rodrigo Vera | ||
| 999 | |c 301163 |d 301161 | ||
| 952 | |0 0 |1 0 |4 0 |6 153_000000000000000_DIE_2000 |7 0 |8 A |9 359905 |a FDOPOS |b FDOPOS |d 2019-11-21 |i 3838501 |o 153 DIE 2000 |p 3838501 |r 2025-01-22 |w 2019-11-21 |y BK |k MLA | ||